Personnalités politiques françaises aléatoires par images - Statistiques

Statistiques générales
  • Ce quiz a été pris 1 707 fois
    1 704 depuis la dernière actualisation
  • Le résultat moyen est 11 sur 18
Statistiques - réponses
Par images Réponse % Correct
Emmanuel Macron
99%
Marine le Pen
98%
Nicolas Sarkozy
98%
Éric Zemmour
97%
François Hollande
97%
Jean-Marie Le Pen
97%
Charles de Gaulle
96%
François Bayrou
95%
François Mitterrand
95%
Jacques Chirac
95%
Jordan Bardella
95%
Élisabeth Borne
94%
Jean-Luc Mélenchon
94%
Valéry Giscard d'Estaing
93%
Edouard Philippe
92%
Gabriel Attal
92%
Anne Hidalgo
88%
François Fillon
87%
Jean Lassalle
87%
Éric Ciotti
86%
Gérald Darmanin
86%
Valérie Pécresse
86%
Philippe Poutou
85%
Ségolène Royal
84%
Georges Pompidou
83%
Jean Castex
82%
Philippe Pétain
82%
Christiane Taubira
81%
Bruno Retailleau
77%
Dominique de Villepin
75%
Raphaël Glucksmann
74%
Mathilde Panot
73%
Michel Barnier
73%
Bruno Le Maire
71%
Nicolas Dupont-Aignan
71%
Fabien Roussel
70%
Olivier Véran
70%
Éric Dupond-Moretti
69%
Laurent Wauquiez
69%
Manuel Bompard
67%
Yaël Braun-Pivet
66%
Alain Juppé
64%
Bernard Cazeneuve
59%
Gérard Larcher
59%
Maximilien de Robespierre
59%
Édouard Balladur
58%
Martine Aubry
58%
Philippe de Villiers
58%
Jean-François Copé
53%
Léon Blum
53%
Sébastien Delogu
51%
Georges Clemenceau
49%
Robert Ménard
49%
Edith Cresson
48%
Florian Philippot
48%
Jean-Pierre Raffarin
46%
Sébastien Lecornu
45%
Georges Marchais
44%
Christophe Castaner
43%
Laurent Fabius
43%
Olivier Besancenot
42%
Jules Ferry
41%
Louis Napoléon Bonaparte
41%
Sébastien Chenu
41%
José Bové
40%
Adolphe Thiers
33%
André Chassaigne
31%
Michèle Alliot-Marie
28%
Michel Rocard
27%
Stéphane Séjourné
26%
Jean-Paul Marat
24%
Pierre Bérégovoy
24%
Raymond Barre
24%
Jacques Chaban-Delmas
22%
Jean-Yves Le Drian
21%
Charles de Courson
20%
Michel Debré
18%
Claude Guéant
17%
Léon Gambetta
17%
François Léotard
14%
Pierre Laval
14%
Alain Madelin
11%
Mirabeau
10%
Aristide Briand
7%
Camille Desmoulin
6%
Aucun quiz correspondant
Distribution des résultats
% des personnes avec chaque résultat
Percentile par nombre de réponses
Votre historique - résultats
Vous n’avez pas pris ce quiz depuis la dernière actualisation